Elementos de tecnología de alimentos /

Guardado en:
Otros Autores: Desrosier, Norman W. (Editor )
Formato: Libro
Idioma:Spanish
English
Publicado: México, D.F. : CECSA : AVI, 1983.
Edición:1ra. ed., 13ra. reimp.
Materias:
Etiquetas: Agregar Etiqueta
Sin Etiquetas, Sea el primero en etiquetar este registro!
LEADER 00847nam a22002295a 4500
001 EIQ.libpla004194
008 120925s1983####mx#a#####b####000#0#spa#d
005 20121010105650.0
245 1 0 |a Elementos de tecnología de alimentos /  |c Editado por Norman W. Desrosier. 
250 |a 1ra. ed., 13ra. reimp. 
260 |a México, D.F. :  |b CECSA :  |b AVI,  |c 1983. 
300 |a 783 p. :  |b il. ;  |c 24 cm. 
500 |a Título original : Elements of food technology ISBN 0870552457 Traducción de Cristina Sangines de Salinas. 
504 |a Incluye referencias bibliográficas e índice. 
020 |a 9682603854 
700 1 |a Desrosier, Norman W.  |4 edt 
082 0 4 |a 664.01  |2 21 
650 7 |a Alimentos  |x Tecnología de alimentos 
650 7 |a Food  |x Food technology 
040 |a AR-BbSID  |b spa 
041 1 |a spa  |h eng 
859 |a AR-BbSID  |b BIB. PLAPIQUI  |h 664.01  |i D47  |p 5579